Tecnología de los esmaltes
Gorde:
| Egile nagusia: | |
|---|---|
| Formatua: | Liburua |
| Hizkuntza: | gaztelania |
| Argitaratua: |
Barcelona
Reverté
1961
|
| Gaiak: | |
| Etiketak: |
Etiketa erantsi
Etiketarik gabe, Izan zaitez lehena erregistro honi etiketa jartzen!
|
MARC
| LEADER | 00000nam a2200000 a 4500 | ||
|---|---|---|---|
| 001 | UCW2248 | ||
| 003 | CL-VaPUC | ||
| 008 | 930812e19610000SP |||||||||||||||||spa|d | ||
| 082 | 0 | 4 | |a 666.2 |b VIE |2 21 |
| 100 | 0 | |a Vielhaber, L |e author |9 306222 | |
| 245 | 1 | 0 | |a Tecnología de los esmaltes |
| 300 | |a 171 p | ||
| 942 | |c BK | ||
| 945 | |d 19930812 00:00:00 | ||
| 260 | |a Barcelona |b Reverté |c 1961 | ||
| 500 | |a Manual indispensable para los técnicos del esmaltado, con numerosas enseñanzas para el perfeccionamiento de dicha industria | ||
| 650 | 7 | |a ESMALTES |2 CL-VaPUC |9 306223 | |
| 583 | |a last modification |c 19930812 00:00:00 |k Rodrigo Vera | ||
| 999 | |c 216838 |d 216836 | ||